000
00215nam a22000857a 4500
008
160909b xxu||||| |||| 00| 0 eng d
100
_9
345
_a
Ahmed K
245
_a
Hindi Book
260
_a
New Delhi
_b
National Book Trust
_c
2009
999
_c
3005
_d
3005